Random Island Country Shape to Country - Statistics

General Stats
  • This quiz has been taken 9 times
  • The average score is 12 of 15
Answer Stats
Picture Answer % Correct
Antigua and Barbuda
100%
Bahamas
100%
Brunei
100%
Cape Verde
100%
Cuba
100%
Cyprus
100%
Dominican Republic
100%
East Timor
100%
Fiji
100%
F.S. Micronesia
100%
Haiti
100%
Indonesia
100%
Japan
100%
Madagascar
100%
Malta
100%
New Zealand
100%
Papua New Guinea
100%
Philippines
100%
Saint Lucia
100%
Seychelles
100%
Singapore
100%
Sri Lanka
100%
Taiwan
100%
Trinidad and Tobago
100%
United Kingdom
100%
Vanuatu
100%
Barbados
75%
Comoros
75%
Mauritius
75%
Dominica
67%
Jamaica
67%
Samoa
67%
Sao Tome and Principe
67%
Kiribati
60%
Maldives
60%
Tonga
60%
Grenada
50%
Saint Kitts and Nevis
50%
Bahrain
33%
Palau
33%
St. Vincent and the Grenadines
33%
Marshall Islands
25%
Iceland
0%
Nauru
0%
Solomon Islands
0%
Tuvalu
0%
No matching quizzes found
Score Distribution
Percent of People with Each Score
Percentile by Number Answered
Your Score History
You have not taken this quiz